|
|
|
|
| LEADER |
00000nab a2200000 a 4500 |
| 001 |
vtls011117760 |
| 003 |
SK-MaSNL |
| 005 |
20260303190421.0 |
| 008 |
230222|2010 xo |||||||||||||||||eng| |
| 015 |
|
|
|a SNBRB
|
| 035 |
|
|
|a (uuid)85a891bf-8734-4197-a64d-55e4650f8d9a
|
| 035 |
|
|
|a (urnnbn)urn:nbn:sk:snk:ar-a08m1a
|
| 035 |
|
|
|a urn:nbn:sk:snk-ab9o4d
|
| 040 |
|
|
|a SNKBUCL
|b slo
|c SNKBUCL
|e AACR2
|
| 041 |
0 |
|
|a eng
|
| 044 |
|
|
|a xo
|c SK
|
| 100 |
1 |
|
|a Regecová, Valéria,
|d 1954-2020
|4 aut
|9 232168
|
| 245 |
1 |
0 |
|a RISK FACTORS FOR DISEASES OF CIVILIZATION IN ROMANY CHILDREN OF SLOVAKIA
|c Valéria Regecová, Pavol Šimurka
|
| 700 |
1 |
|
|a Šimurka, Pavol
|4 aut
|9 47158
|
| 773 |
0 |
|
|t Slovenská antropológia : bulletin Slovenskej antropologickej spoločnosti pri SAV
|g Roč. 13, č. 1 (2010), s. 50-54
|
| 958 |
|
|
|a OND
|
| 958 |
|
|
|a EUIPO
|
| 958 |
|
|
|a article13
|
| 999 |
|
|
|c 2136160
|d 2138090
|